000
00273nam a2200097Ia 4500
001
653755
005
20250826154504.0
008
250824s9999 xx 000 0 und d
245
0
_a
MİNİK İZCİLER- 6 MİNİK İZCİ GEZEGENİ
_c
JUDY DELTON
260
_b
GÜNIŞIĞI YAYINLARI
999
_c
653755
_d
653755